The Pacific
| Main Author: | |
|---|---|
| Format: | Book |
| Published: |
London :
Ramdom Century ,
1991
|
| Subjects: |
MARC
| LEADER | 00000cam a2200000 7i4500 | ||
|---|---|---|---|
| 001 | 0000005787 | ||
| 002 | 000006254 | ||
| 005 | 20000330.0 | ||
| 020 | |a 0091734851 | ||
| 090 | 0 | 0 | |a 909.09823 |b WIN |
| 100 | 1 | |a Winchester, Simon | |
| 245 | 1 | 4 | |a The Pacific |c Simon Win Chester |
| 260 | |a London : |b Ramdom Century , |c 1991 | ||
| 300 | |a 501p. : |b ill ; |c 24cm. | ||
| 651 | 0 | |a Pacific Area |x Economic conditions | |
| 651 | 0 | |a Pacific Area |x History | |
| 999 | |a 032915 |b BUKU |c PINJAMAN |e PERPUSTAKAAN KOMUNITI PETALING JAYA | ||
| 999 | |a 032916 |b BUKU |c RUJUKAN |e PERPUSTAKAAN KOMUNITI PETALING JAYA | ||